[Event "DSJ Weihnachtsturnier U20w 2020"]
[Site "https://play.chessbase.com/en/play?room=DSJWeihnachtU20w"]
[Date "2020.12.29"]
[Round "4"]
[White "Oswald, Lena"]
[Black "Dietz, Kristin"]
[Result "1-0"]
[Termination "normal"]
[Board "3.1"]
[WhiteElo "1768"]
[BlackElo "1911"]
[WhiteTeam "Schachgemeinschaft Leipzig"]
[BlackTeam "USV Halle"]
[PlyCount "75"]
[WhiteFideId "12983314"]
[BlackFideId "12993743"]
[EventRounds "7"]
[EventType "team-swiss"]
[EventDate "2020.12.29"]

1. e4 {[%emt 0:00:04]} c5 {[%emt 0:00:03]} 2. Nf3 {[%emt 0:00:03]} e6 {[%emt 0:
00:02]} 3. d4 {[%emt 0:00:03]} cxd4 {[%emt 0:00:01]} 4. Nxd4 {[%emt 0:00:03]}
a6 {[%emt 0:00:02]} 5. Nc3 {[%emt 0:00:06]} Qc7 {[%emt 0:00:18]} 6. Bd3 { [%emt
0:00:16]} Nf6 {[%emt 0:00:05]} 7. Bd2 {[%emt 0:00:04]} Be7 {[%emt 0:00: 24]} 8.
O-O {[%emt 0:00:05]} O-O {[%emt 0:00:01]} 9. Kh1 {[%emt 0:00:10]} b5 { [%emt
0:00:24]} 10. f4 {[%emt 0:00:06]} d6 {[%emt 0:00:13]} 11. Qe1 {[%emt 0: 00:20]}
Nbd7 {[%emt 0:00:29]} 12. Qg3 {[%emt 0:00:37]} Bb7 {[%emt 0:00:13]} 13. Rae1
{[%emt 0:00:10]} Nc5 {[%emt 0:00:16]} 14. e5 {[%emt 0:00:42]} Nxd3 { [%emt
0:00:05]} 15. cxd3 {[%emt 0:00:03]} dxe5 {[%emt 0:00:09]} 16. fxe5 { [%emt
0:00:03]} Nh5 {[%emt 0:00:16]} 17. Qg4 {[%emt 0:00:08]} g6 {[%emt 0:00: 27]}
18. Bh6 {[%emt 0:00:07]} Ng7 {[%emt 0:00:39]} 19. Re2 {[%emt 0:01:11]} Rfd8
{[%emt 0:00:43]} 20. Ref2 {[%emt 0:00:14]} Nf5 {[%emt 0:00:11]} 21. Nxf5 {
[%emt 0:00:07]} exf5 {[%emt 0:00:02]} 22. Rxf5 {[%emt 0:00:12]} Bf8 {[%emt 0:
00:25]} 23. Rxf7 {[%emt 0:00:17]} Qxf7 {[%emt 0:00:04]} 24. Rxf7 {[%emt 0:00:
03]} Kxf7 {[%emt 0:00:01]} 25. e6+ {[%emt 0:00:24]} Kg8 {[%emt 0:00:09]} 26.
Bg5 {[%emt 0:00:11]} Re8 {[%emt 0:00:17]} 27. d4 {[%emt 0:00:20]} Rac8 { [%emt
0:00:14]} 28. d5 {[%emt 0:00:09]} b4 {[%emt 0:00:04]} 29. e7 {[%emt 0:00: 34]}
bxc3 {[%emt 0:00:14]} 30. Qe6+ {[%emt 0:00:21]} Kh8 {[%emt 0:00:16]} 31.
exf8=Q+ {[%emt 0:00:09]} Rxf8 {[%emt 0:00:14]} 32. Bf6+ {[%emt 0:00:03]} Rxf6 {
[%emt 0:00:01]} 33. Qxf6+ {[%emt 0:00:03]} Kg8 {[%emt 0:00:01]} 34. bxc3 {
[%emt 0:00:11]} Bxd5 {[%emt 0:00:08]} 35. h3 {[%emt 0:00:16]} Bxa2 {[%emt 0:00:
08]} 36. Qxa6 {[%emt 0:00:04]} Rxc3 {[%emt 0:00:12]} 37. Qxa2+ {[%emt 0:00:03]}
Kg7 {[%emt 0:00:01]} 38. Qb2 {[%emt 0:00:02]} 1-0

[Event "DSJ Weihnachtsturnier U20w 2020"]
[Site "https://play.chessbase.com/en/play?room=DSJWeihnachtU20w"]
[Date "2020.12.29"]
[Round "4"]
[White "Voigt, Anastasia"]
[Black "Oswald, Hannah"]
[Result "1-0"]
[Termination "normal"]
[Board "3.2"]
[WhiteElo "1738"]
[BlackElo "1675"]
[WhiteTeam "USV Halle"]
[BlackTeam "Schachgemeinschaft Leipzig"]
[PlyCount "123"]
[WhiteFideId "16235223"]
[BlackFideId "16214960"]
[EventRounds "7"]
[EventType "team-swiss"]
[EventDate "2020.12.29"]

1. e4 {[%emt 0:00:02]} e5 {[%emt 0:00:03]} 2. Nf3 {[%emt 0:00:02]} Nc6 { [%emt
0:00:02]} 3. Bc4 {[%emt 0:00:02]} Bc5 {[%emt 0:00:03]} 4. c3 {[%emt 0:00: 01]}
Nf6 {[%emt 0:00:04]} 5. d3 {[%emt 0:00:01]} O-O {[%emt 0:00:03]} 6. O-O { [%emt
0:00:02]} d5 {[%emt 0:00:15]} 7. exd5 {[%emt 0:00:04]} Nxd5 {[%emt 0:00: 04]}
8. Re1 {[%emt 0:00:15]} Bg4 {[%emt 0:00:07]} 9. h3 {[%emt 0:00:07]} Bh5 { [%emt
0:00:18]} 10. Nbd2 {[%emt 0:00:06]} Re8 {[%emt 0:00:14]} 11. Ne4 { [%emt
0:00:08]} Bf8 {[%emt 0:00:28]} 12. Ng3 {[%emt 0:00:05]} Bg6 {[%emt 0:00: 08]}
13. Bg5 {[%emt 0:00:31]} Qd7 {[%emt 0:00:29]} 14. Bb5 {[%emt 0:00:29]} Bd6
{[%emt 0:00:43]} 15. Ne4 {[%emt 0:00:23]} Nb6 {[%emt 0:00:31]} 16. Nxd6 { [%emt
0:00:24]} cxd6 {[%emt 0:00:13]} 17. d4 {[%emt 0:00:07]} e4 {[%emt 0:00: 29]}
18. Nh4 {[%emt 0:00:21]} a6 {[%emt 0:00:22]} 19. Be2 {[%emt 0:00:23]} d5 {
[%emt 0:00:11]} 20. Nxg6 {[%emt 0:00:02]} hxg6 {[%emt 0:00:06]} 21. Bg4 { [%emt
0:00:02]} f5 {[%emt 0:00:17]} 22. Be2 {[%emt 0:00:06]} Na5 {[%emt 0:00: 11]}
23. b3 {[%emt 0:00:12]} Rac8 {[%emt 0:00:05]} 24. Bd2 {[%emt 0:00:16]} Nc6
{[%emt 0:00:19]} 25. g4 {[%emt 0:00:13]} Qe6 {[%emt 0:00:20]} 26. Be3 {[%emt 0:
00:27]} Ne7 {[%emt 0:00:17]} 27. Rc1 {[%emt 0:00:06]} Qf6 {[%emt 0:00:24]} 28.
f3 {[%emt 0:00:20]} Rc6 {[%emt 0:00:21]} 29. Qd2 {[%emt 0:00:19]} Qh4 {[%emt 0:
00:08]} 30. Kg2 {[%emt 0:00:13]} Rec8 {[%emt 0:00:11]} 31. Bg5 {[%emt 0:00:11]}
Qh7 {[%emt 0:00:28]} 32. Bxe7 {[%emt 0:00:02]} e3 {[%emt 0:00:26]} 33. Qd3 {
[%emt 0:00:14]} Re8 {[%emt 0:00:06]} 34. Bg5 {[%emt 0:00:09]} Rce6 {[%emt 0:00:
04]} 35. Bf1 {[%emt 0:00:07]} Kh8 {[%emt 0:00:13]} 36. Rxe3 {[%emt 0:00:12]}
Rxe3 {[%emt 0:00:08]} 37. Bxe3 {[%emt 0:00:02]} Kg8 {[%emt 0:00:29]} 38. Re1 {
[%emt 0:00:05]} Kf7 {[%emt 0:00:04]} 39. Bf2 {[%emt 0:00:02]} Rh8 {[%emt 0:00:
05]} 40. Kg3 {[%emt 0:00:16]} Qh4+ {[%emt 0:00:08]} 41. Kf4 {[%emt 0:00:34]}
Qxf2 {[%emt 0:00:02]} 42. Qe2 {[%emt 0:00:05]} Qxe2 {[%emt 0:00:10]} 43. Rxe2 {
[%emt 0:00:02]} Kf6 {[%emt 0:00:08]} 44. Re5 {[%emt 0:00:07]} Rc8 {[%emt 0:00:
12]} 45. gxf5 {[%emt 0:00:42]} gxf5 {[%emt 0:00:07]} 46. Rxf5+ {[%emt 0:00:02]}
Ke7 {[%emt 0:00:04]} 47. Re5+ {[%emt 0:00:02]} Kf6 {[%emt 0:00:04]} 48. Re3 {
[%emt 0:00:07]} Nd7 {[%emt 0:00:05]} 49. c4 {[%emt 0:00:06]} dxc4 {[%emt 0:00:
04]} 50. Bxc4 {[%emt 0:00:05]} b5 {[%emt 0:00:07]} 51. Be6 {[%emt 0:00:06]} Rd8
{[%emt 0:00:02]} 52. Bg4 {[%emt 0:00:07]} Nf8 {[%emt 0:00:02]} 53. Re4 { [%emt
0:00:07]} Ng6+ {[%emt 0:00:02]} 54. Ke3 {[%emt 0:00:03]} Kg5 {[%emt 0:00: 03]}
55. f4+ {[%emt 0:00:32]} Kh4 {[%emt 0:00:13]} 56. f5 {[%emt 0:00:05]} Nf8
{[%emt 0:00:05]} 57. Kd3 {[%emt 0:00:10]} Kg3 {[%emt 0:00:05]} 58. Re3+ { [%emt
0:00:04]} Kf4 {[%emt 0:00:03]} 59. Re7 {[%emt 0:00:06]} g6 {[%emt 0:00: 06]}
60. f6 {[%emt 0:00:10]} Kg5 {[%emt 0:00:02]} 61. f7 {[%emt 0:00:04]} Rd7 {
[%emt 0:00:10]} 62. Bxd7 {[%emt 0:00:09]} 1-0

[Event "DSJ Weihnachtsturnier U20w 2020"]
[Site "https://play.chessbase.com/en/play?room=DSJWeihnachtU20w"]
[Date "2020.12.29"]
[Round "4"]
[White "Nguyen, Jenny Ha-Linh"]
[Black "Stowicek, Yara Mathilda"]
[Result "1-0"]
[Termination "normal"]
[Board "3.3"]
[WhiteElo "1368"]
[BlackElo "1736"]
[WhiteTeam "Schachgemeinschaft Leipzig"]
[BlackTeam "USV Halle"]
[PlyCount "137"]
[WhiteFideId "16209729"]
[BlackFideId "16203569"]
[EventRounds "7"]
[EventType "team-swiss"]
[EventDate "2020.12.29"]

1. e4 {[%emt 0:00:05]} e5 {[%emt 0:00:04]} 2. Nf3 {[%emt 0:00:03]} Nc6 { [%emt
0:00:02]} 3. Bc4 {[%emt 0:00:01]} Nf6 {[%emt 0:00:02]} 4. d3 {[%emt 0:00: 01]}
Bc5 {[%emt 0:00:03]} 5. O-O {[%emt 0:00:02]} a6 {[%emt 0:00:04]} 6. c3 { [%emt
0:00:01]} Ba7 {[%emt 0:00:03]} 7. Bb3 {[%emt 0:00:01]} d6 {[%emt 0:00:02] } 8.
Re1 {[%emt 0:00:03]} Ne7 {[%emt 0:00:02]} 9. Nbd2 {[%emt 0:00:04]} Ng6 { [%emt
0:00:02]} 10. Nf1 {[%emt 0:00:06]} O-O {[%emt 0:00:02]} 11. Ng3 {[%emt 0:
00:02]} Be6 {[%emt 0:00:18]} 12. Bc2 {[%emt 0:00:05]} h6 {[%emt 0:00:07]} 13.
d4 {[%emt 0:00:04]} Qe7 {[%emt 0:00:15]} 14. Qe2 {[%emt 0:00:17]} c6 {[%emt 0:
00:10]} 15. Be3 {[%emt 0:00:17]} Ng4 {[%emt 0:00:26]} 16. Bd2 {[%emt 0:00:11]}
Rad8 {[%emt 0:00:24]} 17. h3 {[%emt 0:00:03]} Nf6 {[%emt 0:00:02]} 18. Be3 {
[%emt 0:00:11]} c5 {[%emt 0:00:14]} 19. Rad1 {[%emt 0:00:22]} cxd4 {[%emt 0:00:
12]} 20. cxd4 {[%emt 0:00:00]} exd4 {[%emt 0:00:20]} 21. Nxd4 {[%emt 0:00:05]}
Bxd4 {[%emt 0:00:21]} 22. Bxd4 {[%emt 0:00:03]} d5 {[%emt 0:00:04]} 23. e5 {
[%emt 0:00:26]} Nd7 {[%emt 0:00:10]} 24. Qh5 {[%emt 0:00:12]} Nf4 {[%emt 0:00:
14]} 25. Qf3 {[%emt 0:00:11]} Qg5 {[%emt 0:00:07]} 26. Be3 {[%emt 0:00:09]}
Nxh3+ {[%emt 0:01:22]} 27. gxh3 {[%emt 0:00:05]} Qh4 {[%emt 0:00:11]} 28. Nf5 {
[%emt 0:00:20]} Bxf5 {[%emt 0:00:13]} 29. Bxf5 {[%emt 0:00:11]} Nxe5 {[%emt 0:
00:05]} 30. Qg2 {[%emt 0:00:18]} g6 {[%emt 0:00:12]} 31. Bd4 {[%emt 0:00:27]}
Nc6 {[%emt 0:00:42]} 32. Bc3 {[%emt 0:00:06]} Kh7 {[%emt 0:00:12]} 33. Bg4 {
[%emt 0:00:11]} f5 {[%emt 0:00:07]} 34. Bf3 {[%emt 0:00:06]} g5 {[%emt 0:00:30]
} 35. Bxd5 {[%emt 0:00:05]} Qa4 {[%emt 0:00:39]} 36. Bxc6 {[%emt 0:00:06]} Qxc6
{[%emt 0:00:07]} 37. Qxc6 {[%emt 0:00:04]} bxc6 {[%emt 0:00:01]} 38. Rxd8 {
[%emt 0:00:04]} Rxd8 {[%emt 0:00:01]} 39. Re7+ {[%emt 0:00:07]} Kg8 {[%emt 0:
00:06]} 40. Ra7 {[%emt 0:00:03]} Rd1+ {[%emt 0:00:04]} 41. Kg2 {[%emt 0:00:02]}
Rd6 {[%emt 0:00:26]} 42. Rxa6 {[%emt 0:00:04]} Re6 {[%emt 0:00:05]} 43. Ra8+ {
[%emt 0:00:04]} Kf7 {[%emt 0:00:02]} 44. a4 {[%emt 0:00:04]} Kg6 {[%emt 0:00:
04]} 45. a5 {[%emt 0:00:02]} c5 {[%emt 0:00:14]} 46. Rc8 {[%emt 0:00:06]} Ra6 {
[%emt 0:00:08]} 47. Rxc5 {[%emt 0:00:02]} f4 {[%emt 0:00:03]} 48. Rb5 {[%emt 0:
00:03]} Kf7 {[%emt 0:00:03]} 49. Rb6 {[%emt 0:00:01]} Rxb6 {[%emt 0:00:05]} 50.
axb6 {[%emt 0:00:01]} Ke6 {[%emt 0:00:02]} 51. Kf3 {[%emt 0:00:03]} Kd7 { [%emt
0:00:04]} 52. Be5 {[%emt 0:00:02]} Kc6 {[%emt 0:00:02]} 53. Bc7 {[%emt 0:
00:01]} Kb7 {[%emt 0:00:02]} 54. Kg4 {[%emt 0:00:02]} Ka6 {[%emt 0:00:02]} 55.
Kh5 {[%emt 0:00:01]} Kb7 {[%emt 0:00:01]} 56. Kxh6 {[%emt 0:00:01]} Ka6 { [%emt
0:00:01]} 57. Kxg5 {[%emt 0:00:01]} Kb7 {[%emt 0:00:01]} 58. Kxf4 { [%emt
0:00:01]} Ka6 {[%emt 0:00:01]} 59. h4 {[%emt 0:00:01]} Kb7 {[%emt 0:00: 02]}
60. h5 {[%emt 0:00:00]} Ka6 {[%emt 0:00:02]} 61. h6 {[%emt 0:00:00]} Kb7 {
[%emt 0:00:02]} 62. h7 {[%emt 0:00:00]} Ka6 {[%emt 0:00:01]} 63. h8=Q {[%emt 0:
00:02]} Kb5 {[%emt 0:00:01]} 64. Qe5+ {[%emt 0:00:02]} Ka4 {[%emt 0:00:03]} 65.
Qd4+ {[%emt 0:00:03]} Kb5 {[%emt 0:00:02]} 66. Qd5+ {[%emt 0:00:03]} Ka6 {
[%emt 0:00:04]} 67. b7 {[%emt 0:00:05]} Ka7 {[%emt 0:00:03]} 68. b8=Q+ { [%emt
0:00:01]} Ka6 {[%emt 0:00:06]} 69. Qdb5# {[%emt 0:00:00]} 1-0

[Event "DSJ Weihnachtsturnier U20w 2020"]
[Site "https://play.chessbase.com/en/play?room=DSJWeihnachtU20w"]
[Date "2020.12.29"]
[Round "4"]
[White "Fritsch, Lea"]
[Black "Amelang, Jamie Alice"]
[Result "1-0"]
[Termination "normal"]
[Board "3.4"]
[WhiteElo "1644"]
[BlackElo "919"]
[WhiteTeam "USV Halle"]
[BlackTeam "Schachgemeinschaft Leipzig"]
[PlyCount "101"]
[WhiteFideId "16212436"]
[BlackFideId "34605754"]
[EventRounds "7"]
[EventType "team-swiss"]
[EventDate "2020.12.29"]

1. e4 {[%emt 0:00:00]} e5 {[%emt 0:00:03]} 2. Nf3 {[%emt 0:00:02]} Nc6 { [%emt
0:00:04]} 3. Bc4 {[%emt 0:00:03]} Bc5 {[%emt 0:00:09]} 4. c3 {[%emt 0:00: 04]}
d6 {[%emt 0:00:06]} 5. d3 {[%emt 0:00:01]} Be6 {[%emt 0:00:21]} 6. Bb3 { [%emt
0:00:03]} Qe7 {[%emt 0:00:03]} 7. Nbd2 {[%emt 0:00:09]} O-O-O {[%emt 0: 00:05]}
8. Nf1 {[%emt 0:00:02]} Bd7 {[%emt 0:00:08]} 9. Be3 {[%emt 0:00:03]} Nf6 {[%emt
0:00:22]} 10. Qd2 {[%emt 0:00:07]} Kb8 {[%emt 0:00:16]} 11. Ng3 { [%emt
0:00:03]} Ng4 {[%emt 0:00:24]} 12. Bxc5 {[%emt 0:00:11]} dxc5 {[%emt 0: 00:06]}
13. h3 {[%emt 0:00:10]} Nf6 {[%emt 0:00:38]} 14. O-O-O {[%emt 0:00:04]} Na5
{[%emt 0:00:15]} 15. Bc2 {[%emt 0:00:08]} Be6 {[%emt 0:00:22]} 16. Kb1 { [%emt
0:00:12]} Qd6 {[%emt 0:00:40]} 17. Nf5 {[%emt 0:00:12]} Qb6 {[%emt 0:00: 28]}
18. Qc1 {[%emt 0:01:07]} Qb5 {[%emt 0:00:36]} 19. Nxg7 {[%emt 0:00:23]} Rd6
{[%emt 0:00:43]} 20. Nxe6 {[%emt 0:00:08]} fxe6 {[%emt 0:00:06]} 21. Nxe5 {
[%emt 0:00:10]} Ra6 {[%emt 0:00:35]} 22. d4 {[%emt 0:02:22]} cxd4 {[%emt 0:00:
13]} 23. cxd4 {[%emt 0:00:06]} Nc4 {[%emt 0:00:17]} 24. Nxc4 {[%emt 0:00:07]}
Qxc4 {[%emt 0:00:03]} 25. Bb3 {[%emt 0:00:06]} Qxc1+ {[%emt 0:00:32]} 26. Rxc1
{[%emt 0:00:13]} Nxe4 {[%emt 0:00:11]} 27. Rc2 {[%emt 0:00:55]} e5 {[%emt 0:00:
23]} 28. dxe5 {[%emt 0:00:20]} Rd8 {[%emt 0:00:15]} 29. Kc1 {[%emt 0:00:19]}
Ra5 {[%emt 0:00:30]} 30. Re1 {[%emt 0:00:19]} Rxe5 {[%emt 0:00:09]} 31. f3 {
[%emt 0:00:11]} Re7 {[%emt 0:00:20]} 32. Rxe4 {[%emt 0:00:08]} Red7 {[%emt 0:
00:04]} 33. Rce2 {[%emt 0:00:16]} Rd6 {[%emt 0:00:26]} 34. Re8 {[%emt 0:00:07]}
a6 {[%emt 0:00:05]} 35. Rxd8+ {[%emt 0:00:08]} Rxd8 {[%emt 0:00:02]} 36. Rd2 {
[%emt 0:00:02]} Rf8 {[%emt 0:00:18]} 37. Rd7 {[%emt 0:00:08]} h6 {[%emt 0:00:
03]} 38. Rh7 {[%emt 0:00:05]} h5 {[%emt 0:00:02]} 39. Rxh5 {[%emt 0:00:02]} a5
{[%emt 0:00:02]} 40. Rxa5 {[%emt 0:00:09]} Kc8 {[%emt 0:00:05]} 41. Ra8+ {
[%emt 0:00:02]} Kd7 {[%emt 0:00:03]} 42. Rxf8 {[%emt 0:00:00]} Kc6 {[%emt 0:00:
05]} 43. h4 {[%emt 0:00:00]} b6 {[%emt 0:00:05]} 44. h5 {[%emt 0:00:01]} b5 {
[%emt 0:00:02]} 45. h6 {[%emt 0:00:00]} b4 {[%emt 0:00:04]} 46. h7 {[%emt 0:00:
00]} Kb5 {[%emt 0:00:08]} 47. h8=Q {[%emt 0:00:02]} Ka5 {[%emt 0:00:03]} 48.
Qe5+ {[%emt 0:00:04]} Kb6 {[%emt 0:00:03]} 49. Rb8+ {[%emt 0:00:02]} Ka6 {
[%emt 0:00:04]} 50. Qb5+ {[%emt 0:00:04]} Ka7 {[%emt 0:00:04]} 51. Qb7# { [%emt
0:00:02]} 1-0

[Event "DSJ Weihnachtsturnier U20w 2020"]
[Site "https://play.chessbase.com/en/play?room=DSJWeihnachtU20w"]
[Date "2020.12.29"]
[Round "4"]
[White "Ley, Sabrina"]
[Black "Ziegenfuß, Antonia"]
[Result "0-1"]
[Termination "normal"]
[Board "4.1"]
[BlackTitle "WFM"]
[WhiteElo "1866"]
[BlackElo "2101"]
[WhiteTeam "SC Landskrone"]
[BlackTeam "OSG Baden-Baden"]
[PlyCount "126"]
[WhiteFideId "12938130"]
[BlackFideId "12962554"]
[EventRounds "7"]
[EventType "team-swiss"]
[EventDate "2020.12.29"]

1. e4 {[%emt 0:00:04]} c5 {[%emt 0:00:01]} 2. Nc3 {[%emt 0:00:03]} e6 {[%emt 0:
00:02]} 3. Nge2 {[%emt 0:00:09]} Nc6 {[%emt 0:00:04]} 4. g3 {[%emt 0:00:13]}
Nf6 {[%emt 0:00:11]} 5. Bg2 {[%emt 0:00:04]} d5 {[%emt 0:00:03]} 6. d3 { [%emt
0:00:09]} Be7 {[%emt 0:00:09]} 7. O-O {[%emt 0:00:04]} a6 {[%emt 0:00:56] } 8.
a4 {[%emt 0:00:11]} b6 {[%emt 0:00:15]} 9. f4 {[%emt 0:00:05]} Bb7 { [%emt
0:00:05]} 10. f5 {[%emt 0:00:11]} dxe4 {[%emt 0:00:16]} 11. fxe6 { [%emt
0:00:27]} exd3 {[%emt 0:01:04]} 12. exf7+ {[%emt 0:00:07]} Kf8 {[%emt 0:
00:06]} 13. Nf4 {[%emt 0:00:29]} Qd6 {[%emt 0:01:58]} 14. cxd3 {[%emt 0:00:20]}
Rb8 {[%emt 0:00:13]} 15. Be3 {[%emt 0:01:41]} Ne5 {[%emt 0:01:19]} 16. Qb3 {
[%emt 0:00:51]} c4 {[%emt 0:00:22]} 17. dxc4 {[%emt 0:00:19]} Bxg2 {[%emt 0:00:
03]} 18. Kxg2 {[%emt 0:00:40]} Qc6+ {[%emt 0:00:16]} 19. Kg1 {[%emt 0:00:12]}
Qxc4 {[%emt 0:00:21]} 20. Ne6+ {[%emt 0:00:58]} Kxf7 {[%emt 0:00:04]} 21. Ng5+
{[%emt 0:00:08]} Kg8 {[%emt 0:00:14]} 22. Qxc4+ {[%emt 0:00:25]} Nxc4 {[%emt 0:
00:05]} 23. Bf4 {[%emt 0:00:09]} Bc5+ {[%emt 0:00:03]} 24. Kg2 {[%emt 0:00:07]}
Re8 {[%emt 0:00:37]} 25. Rae1 {[%emt 0:00:21]} h6 {[%emt 0:00:04]} 26. Rxe8+ {
[%emt 0:00:18]} Nxe8 {[%emt 0:00:08]} 27. Ne6 {[%emt 0:00:28]} Be3 {[%emt 0:00:
51]} 28. Bxe3 {[%emt 0:00:44]} Nxe3+ {[%emt 0:00:01]} 29. Kg1 {[%emt 0:00:15]}
Nxf1 {[%emt 0:00:01]} 30. Kxf1 {[%emt 0:00:01]} Kf7 {[%emt 0:00:04]} 31. Nf4 {
[%emt 0:00:05]} Nf6 {[%emt 0:00:05]} 32. Ke2 {[%emt 0:00:14]} Rd8 {[%emt 0:00:
06]} 33. h3 {[%emt 0:00:07]} g5 {[%emt 0:00:01]} 34. Nd3 {[%emt 0:00:03]} Ke6 {
[%emt 0:00:09]} 35. Nb4 {[%emt 0:00:09]} a5 {[%emt 0:00:04]} 36. Nd3 {[%emt 0:
00:03]} Rd4 {[%emt 0:00:09]} 37. Nf2 {[%emt 0:00:19]} Ke5 {[%emt 0:00:11]} 38.
Nd3+ {[%emt 0:00:00]} Ke6 {[%emt 0:00:03]} 39. Nf2 {[%emt 0:00:01]} Nd5 { [%emt
0:00:03]} 40. Nb5 {[%emt 0:00:03]} Rxa4 {[%emt 0:00:02]} 41. Nd3 { [%emt
0:00:00]} Nb4 {[%emt 0:00:09]} 42. Nf2 {[%emt 0:00:02]} Ra2 {[%emt 0:00: 02]}
43. Nd1 {[%emt 0:00:02]} a4 {[%emt 0:00:09]} 44. Ke3 {[%emt 0:00:01]} Ra1
{[%emt 0:00:02]} 45. Nd4+ {[%emt 0:00:01]} Ke5 {[%emt 0:00:03]} 46. Nc3 { [%emt
0:00:00]} Re1+ {[%emt 0:00:02]} 47. Kf2 {[%emt 0:00:01]} Nd3+ {[%emt 0: 00:04]}
48. Kg2 {[%emt 0:00:01]} Kxd4 {[%emt 0:00:01]} 49. Nxa4 {[%emt 0:00:07] } b5
{[%emt 0:00:00]} 50. Nb6 {[%emt 0:00:01]} Nxb2 {[%emt 0:00:01]} 51. Nd7 { [%emt
0:00:01]} Nd3 {[%emt 0:00:01]} 52. Nf6 {[%emt 0:00:00]} b4 {[%emt 0:00: 01]}
53. Ng4 {[%emt 0:00:01] Baden2-001 reconnected.} b3 {[%emt 0:00:09]} 54. Nxh6
{[%emt 0:00:01]} b2 {[%emt 0:00:01]} 55. Nf5+ {[%emt 0:00:01]} Kd5 { [%emt
0:00:01]} 56. g4 {[%emt 0:00:01]} b1=Q {[%emt 0:00:01]} 57. h4 {[%emt 0:
00:00]} Rg1+ {[%emt 0:00:01]} 58. Kf3 {[%emt 0:00:01]} Qf1+ {[%emt 0:00:02]}
59. Ke3 {[%emt 0:00:01]} Qf4+ {[%emt 0:00:04]} 60. Kxd3 {[%emt 0:00:01]} Rd1+ {
[%emt 0:00:01]} 61. Kc3 {[%emt 0:00:01]} Qc4+ {[%emt 0:00:02]} 62. Kb2 { [%emt
0:00:01]} Rd2+ {[%emt 0:00:02]} 63. Ka3 {[%emt 0:00:01]} Ra2# {[%emt 0: 00:01]}
0-1

[Event "DSJ Weihnachtsturnier U20w 2020"]
[Site "https://play.chessbase.com/en/play?room=DSJWeihnachtU20w"]
[Date "2020.12.29"]
[Round "4"]
[White "Ziegenfuß, Larissa"]
[Black "Kalina, Lena"]
[Result "1/2-1/2"]
[Termination "normal"]
[Board "4.2"]
[WhiteElo "1752"]
[BlackElo "1585"]
[WhiteTeam "OSG Baden-Baden"]
[BlackTeam "SC Landskrone"]
[PlyCount "108"]
[WhiteFideId "12974722"]
[BlackFideId "12988014"]
[EventRounds "7"]
[EventType "team-swiss"]
[EventDate "2020.12.29"]

1. e4 {[%emt 0:00:01]} c5 {[%emt 0:00:02]} 2. Nf3 {[%emt 0:00:01]} Nc6 { [%emt
0:00:02]} 3. d4 {[%emt 0:00:01]} cxd4 {[%emt 0:00:02]} 4. Nxd4 {[%emt 0:
00:01]} g6 {[%emt 0:00:02]} 5. c4 {[%emt 0:00:02]} Nf6 {[%emt 0:00:06]} 6. Nc3
{[%emt 0:00:03]} Bg7 {[%emt 0:00:03]} 7. Be3 {[%emt 0:00:01]} O-O {[%emt 0:00:
13]} 8. Be2 {[%emt 0:00:02]} Nxd4 {[%emt 0:00:04]} 9. Bxd4 {[%emt 0:00:02]} d6
{[%emt 0:00:02]} 10. O-O {[%emt 0:00:01]} Be6 {[%emt 0:00:10]} 11. Rc1 { [%emt
0:00:08]} a5 {[%emt 0:00:11]} 12. f4 {[%emt 0:00:14]} a4 {[%emt 0:00:09]} 13.
f5 {[%emt 0:00:28]} Bd7 {[%emt 0:00:04]} 14. Nd5 {[%emt 0:00:09]} Nxd5 { [%emt
0:00:09]} 15. cxd5 {[%emt 0:00:11]} Qa5 {[%emt 0:00:35]} 16. f6 {[%emt 0:
00:18]} exf6 {[%emt 0:00:04]} 17. Bxf6 {[%emt 0:00:23]} Qb6+ {[%emt 0:00:22]}
18. Kh1 {[%emt 0:00:06]} Rae8 {[%emt 0:00:19]} 19. Bxg7 {[%emt 0:00:15]} Kxg7 {
[%emt 0:00:04]} 20. Qc2 {[%emt 0:00:02]} f5 {[%emt 0:00:10]} 21. Bd3 {[%emt 0:
00:41]} fxe4 {[%emt 0:00:32]} 22. Bxe4 {[%emt 0:00:10]} Qd4 {[%emt 0:00:17]}
23. Bf3 {[%emt 0:00:20]} Bf5 {[%emt 0:00:12]} 24. Qc7+ {[%emt 0:00:13]} Rf7 {
[%emt 0:00:21]} 25. Qxd6 {[%emt 0:00:17]} Qxb2 {[%emt 0:00:56]} 26. a3 { [%emt
0:00:20]} Qe5 {[%emt 0:00:12]} 27. Qxe5+ {[%emt 0:00:51]} Rxe5 {[%emt 0:
00:02]} 28. Rfe1 {[%emt 0:00:13]} Rxe1+ {[%emt 0:00:15]} 29. Rxe1 {[%emt 0:00:
02]} Rd7 {[%emt 0:00:07]} 30. g4 {[%emt 0:00:41]} Bd3 {[%emt 0:00:19]} 31. Rd1
{[%emt 0:00:08]} Bc4 {[%emt 0:00:02]} 32. g5 {[%emt 0:00:14]} h6 {[%emt 0:00:
15]} 33. gxh6+ {[%emt 0:00:12]} Kxh6 {[%emt 0:00:02]} 34. d6 {[%emt 0:00:12]}
Kg5 {[%emt 0:00:08]} 35. h3 {[%emt 0:00:10]} Kf6 {[%emt 0:00:15]} 36. Bg4 {
[%emt 0:00:05]} Rd8 {[%emt 0:00:08]} 37. d7 {[%emt 0:00:41]} Bb5 {[%emt 0:00:
22]} 38. Rd4 {[%emt 0:00:27]} Bc6+ {[%emt 0:00:13]} 39. Kh2 {[%emt 0:00:07]}
Ke7 {[%emt 0:00:02]} 40. Kg3 {[%emt 0:00:07]} Bxd7 {[%emt 0:00:20]} 41. Bxd7 {
[%emt 0:00:08]} Rxd7 {[%emt 0:00:02] Landskr1-002 bietet Remis} 42. Rxa4 {
[%emt 0:00:03]} Kf6 {[%emt 0:00:10]} 43. Kg4 {[%emt 0:00:05]} Rd5 {[%emt 0:00:
06]} 44. h4 {[%emt 0:00:03]} Ke6 {[%emt 0:00:16]} 45. Rb4 {[%emt 0:00:03]} b5 {
[%emt 0:00:05]} 46. Rf4 {[%emt 0:00:19]} Rd3 {[%emt 0:00:15]} 47. a4 {[%emt 0:
00:09]} bxa4 {[%emt 0:00:03]} 48. Rxa4 {[%emt 0:00:01]} Kf6 {[%emt 0:00:07]}
49. Ra6+ {[%emt 0:00:03]} Kg7 {[%emt 0:00:02]} 50. Kg5 {[%emt 0:00:07]} Rd5+ {
[%emt 0:00:04]} 51. Kg4 {[%emt 0:00:02]} Kh6 {[%emt 0:00:05]} 52. Ra8 {[%emt 0:
00:05]} Rd4+ {[%emt 0:00:03]} 53. Kg3 {[%emt 0:00:02]} Kh7 {[%emt 0:00:06]} 54.
Ra5 {[%emt 0:00:13]} Kh6 {[%emt 0:00:04] Baden2-002 offers a draw} 1/2-1/2